El desarrollo regional como referente en el diseño e implementación de políticas públicas de promoción de paz (Registro nro. 151326)

Detalles MARC
000 -CABECERA
campo de control de longitud fija 01168nam a2200313Ia 4500
001 - NÚMERO DE CONTROL
campo de control 151326
003 - IDENTIFICADOR DEL NÚMERO DE CONTROL
campo de control 245110
005 - FECHA Y HORA DE LA ÚLTIMA TRANSACCIÓN
campo de control 20241005062816.0
008 - DATOS DE LONGITUD FIJA--INFORMACIÓN GENERAL
campo de control de longitud fija 160429n ||||||||| 000 0 spa d
082 ## - NÚMERO DE LA CLASIFICACIÓN DECIMAL DEWEY
Número de clasificación 303.33
100 ## - ENTRADA PRINCIPAL--NOMBRE DE PERSONA
Nombre de persona Varela Barrios, Édgar
9 (RLIN) 78804
245 #0 - MENCIÓN DE TÍTULO
Título El desarrollo regional como referente en el diseño e implementación de políticas públicas de promoción de paz
Resto del título el caso del Macizo Colombiano y el Alto Patía, en el sur del país
250 ## - MENCIÓN DE EDICIÓN
Mención de edición Primera edición
504 ## - NOTA DE BIBLIOGRAFÍA, ETC.
Nota de bibliografía, etc. Incluye bibliografía.
562 ## - NOTA DE IDENTIFICACIÓN DE LA COPIA Y VERSIÓN
Número de copias 2
526 ## - NOTA DE INFORMACIÓN SOBRE EL PROGRAMA DE ESTUDIO
Nombre del programa 105630 - MAESTRÍA EN DERECHOS HUMANOS, GESTIÓN DE LA TRANSICIÓN Y POSCONFLICTO - A distancia
526 ## - NOTA DE INFORMACIÓN SOBRE EL PROGRAMA DE ESTUDIO
Nombre del programa 1698 - ESPECIALIZACIÓN EN DERECHOS HUMANOS - A distancia
526 ## - NOTA DE INFORMACIÓN SOBRE EL PROGRAMA DE ESTUDIO
Nombre del programa 19790 - MAESTRÍA EN ADMINISTRACIÓN PÚBLICA - Presencial
526 ## - NOTA DE INFORMACIÓN SOBRE EL PROGRAMA DE ESTUDIO
Nombre del programa 104436 - MAESTRÍA EN ADMINISTRACIÓN PÚBLICA - A distancia
650 ## - PUNTO DE ACCESO ADICIONAL DE MATERIA--TÉRMINO DE MATERIA
Término de materia o nombre geográfico como elemento de entrada ALTO PATÍA (REGIÓN, COLOMBIA)--CONDICIONES ECONÓMICAS
9 (RLIN) 186969
650 ## - PUNTO DE ACCESO ADICIONAL DE MATERIA--TÉRMINO DE MATERIA
Término de materia o nombre geográfico como elemento de entrada ALTO PATÍA (REGIÓN, COLOMBIA)--CONDICIONES SOCIALES
9 (RLIN) 186970
650 #0 - PUNTO DE ACCESO ADICIONAL DE MATERIA--TÉRMINO DE MATERIA
Término de materia o nombre geográfico como elemento de entrada Conflicto armado
9 (RLIN) 10156
650 #0 - PUNTO DE ACCESO ADICIONAL DE MATERIA--TÉRMINO DE MATERIA
Término de materia o nombre geográfico como elemento de entrada Conflicto armado
9 (RLIN) 10156
650 ## - PUNTO DE ACCESO ADICIONAL DE MATERIA--TÉRMINO DE MATERIA
Término de materia o nombre geográfico como elemento de entrada DESARROLLO REGIONAL--ALTO PATÍA (REGIÓN, COLOMBIA)
9 (RLIN) 186973
650 ## - PUNTO DE ACCESO ADICIONAL DE MATERIA--TÉRMINO DE MATERIA
Término de materia o nombre geográfico como elemento de entrada DESARROLLO REGIONAL--MACIZO COLOMBIANO (REGIÓN, COLOMBIA)
9 (RLIN) 186974
650 ## - PUNTO DE ACCESO ADICIONAL DE MATERIA--TÉRMINO DE MATERIA
Término de materia o nombre geográfico como elemento de entrada MACIZO COLOMBIANO (REGIÓN, COLOMBIA)--CONDICIONES ECONÓMICAS
9 (RLIN) 186975
650 #0 - PUNTO DE ACCESO ADICIONAL DE MATERIA--TÉRMINO DE MATERIA
Término de materia o nombre geográfico como elemento de entrada Proceso de paz
9 (RLIN) 3967
942 ## - ELEMENTOS DE PUNTO DE ACCESO ADICIONAL (KOHA)
Tipo de ítem Koha Libro
Existencias
Estado de retiro Estado de pérdida Estado dañado No para préstamo Código de colección Localización permanente Ubicación/localización actual Coste, precio normal de compra Total de préstamos Signatura topográfica completa Código de barras Fecha visto por última vez Número de copia Tipo de ítem Koha
        General Bogotá - Sede Central Bogotá - Sede Central 0.00   303.66 V17d 132327 22/02/2026 1 Libro
        General Bogotá - Sede Central Bogotá - Sede Central 0.00   303.66 V17d e2 86246 22/02/2026 2 Libro